Донесения министра юстиции о произведенных в Правительствующем Сенате торгах на винные откупа, с 1815 по 1819 год

Доступно только в Электронных читальных залах Найти на картеНа карте
RUSMARC
00003852nmc2a22000003x 450
0018157e6b0-0d13-45d1-9073-72bd50536d26
00520190205185019.0
100##$a20170626l18141814k l0rusy0189 ca
1010#$arus
102##$aRU
2001#$aДонесения министра юстиции о произведенных в Правительствующем Сенате торгах на винные откупа, с 1815 по 1819 год
$jавгуст - 14 ноября 1814 г.
251##$cДело
300##$aНа обложке указано примечание: "См. дело 1814 г. №1, том 1"
801#0$aRU
$bРГИА
$c20170626
$gRCR
801#1$aRU
$bГлавНИВЦ
$c20170626
$2rusmarc
801#2$aRU
$bПБ им. Б.Н. Ельцина
$c20190205
$gRCR
$2rusmarc
850##$aРГИА
852##$aРГИА
$eФедеральное казенное учреждение "Российский государственный исторический архив" (РГИА)
$j1
$lб
937##$hРГИА
$d12269383
$aASBIBLIO_SCAN
462#0$10018f6de931-297c-4879-9713-8ccbd4a7d611
$12001
$aДела, представленные департаментами Государственного совета на рассмотрение общего собрания за 1814 год
$1251
$cОпись
$1852
$j1
$l1814 г.-ОС
461#0$100172577c24-f015-4925-97ce-d86d16863e57
$12001
$aОбщее собрание Государственного совета
$1251
$cФонд
$1852
$j1148
215##$a158 л.
$d36,5х26 см
371##$aДокумент не является опубликованным и широко распространяемым
105##$ay###
1222#$ad
035##$a8157e6b0-0d13-45d1-9073-72bd50536d26
856##$uhttp://readingroom.main.prlib.ru/item.aspx?id_node=n124640983&mode=full
Формат отображения